Countries With The Least Precipitation In December - Statistics

General Stats
  • This quiz has been taken 4 times
  • The average score is 12 of 15
Answer Stats
Precipitation (cm) Country % Correct
0.3 Benin
100%
0.0 Burkina Faso
100%
0.1 Chad
100%
0.4 Egypt
100%
0.0 Niger
100%
0.0 Sudan
100%
0.4 Yemen
100%
0.0 Gambia
75%
0.4 Guinea
75%
0.1 Guinea-Bissau
75%
0.0 Mali
75%
0.1 Mauritania
75%
0.4 Mongolia
75%
0.0 Senegal
75%
0.3 Bhutan
0%
No matching quizzes found
Score Distribution
Percent of People with Each Score
Percentile by Number Answered
Your Score History
You have not taken this quiz